College Algebra concepts trough functions
| Main Authors: | , |
|---|---|
| Format: | Section = Libro |
| Language: | Undetermined Spanish |
| Published: |
Nueva Jersey
Pearson Prentice Hall
2007
|
| Subjects: |
| LEADER | 00595nam a2200229Ia 4500 | ||
|---|---|---|---|
| 008 | 240829s9999 xx 000 0 und d | ||
| 020 | |a 0-13-227982-7 | ||
| 040 | |a BIBLIOTECA-RUSB/ 512 S951 | ||
| 041 | |a spa | ||
| 082 | |a 512 S951 | ||
| 100 | 1 | |a Sullivan, Michael | |
| 100 | 1 | |b Sullivan III, Michael | |
| 245 | 1 | 0 | |a College Algebra concepts trough functions |
| 260 | |a Nueva Jersey |b Pearson Prentice Hall |c 2007 | ||
| 300 | |a 667 p. :il. | ||
| 650 | 7 | |a ALGEBRA | |
| 650 | 7 | |b FUNCIONES | |
| 650 | 7 | |c POLINOMIOS | |
| 650 | 7 | |d SERIES MATEMATICAS | |
| 942 | |c BK |2 ddc | ||
| 991 | |a TEXTO | ||
| 999 | |c 1405 | ||